| 000 | 00542 a2200193 4500 | ||
|---|---|---|---|
| 003 | NUST | ||
| 020 | _a9780970601988 | ||
| 038 | _aNusrat Nadeem | ||
| 040 | _aRCMS | ||
| 082 | _a001.4226 | ||
| 100 |
_aFew, Stephen _952082 |
||
| 245 |
_aNow you see it : simple visualization techniques for quantitative analysis _cStephen Few |
||
| 260 |
_aCalifornia _bAnalytic Press _c2009 |
||
| 300 | _a327 p. | ||
| 563 | _aHard Binding | ||
| 650 |
_aInformation visualization--Statistics _952083 |
||
| 700 |
_aStephen Few _952084 |
||
| 942 |
_cBK _2ddc |
||
| 999 |
_c487664 _d487664 |
||